Comuni del Veneto - Quiz n°1 - Statistics

Statistiche generali
  • Questo quiz è stato fatto 10 volte
  • Il punteggio medio è 48 su 269
Statistiche sulle risposte
Provincia Comune % Corretto
Bassano del Grappa
80%
Belluno
70%
Vicenza
60%
Treviso
50%
Cortina d'Ampezzo
40%
Marostica
40%
Romano d'Ezzelino
40%
Schio
40%
Thiene
40%
Belluno Agordo
30%
Altavilla Vicentina
30%
Arzignano
30%
Asiago
30%
Asolo
30%
Auronzo di Cadore
30%
Breganze
30%
Canale d'Agordo
30%
Cassola
30%
Castelfranco Veneto
30%
Colceresa
30%
Conegliano
30%
Cornuda
30%
Enego
30%
Montebelluna
30%
Montecchio Maggiore
30%
Nove
30%
Oderzo
30%
Pieve di Cadore
30%
Rosà
30%
Tezze sul Brenta
30%
Torrebelvicino
30%
Valdagno
30%
Vittorio Veneto
30%
Zero Branco
30%
Alano di Piave
20%
Albettone
20%
Alleghe
20%
Alpago
20%
Arsiè
20%
Arsiero
20%
Bolzano Vicentino
20%
Borca di Cadore
20%
Borgo Valbelluna
20%
Borso del Grappa
20%
Breda di Piave
20%
Calalzo di Cadore
20%
Caltrano
20%
Calvene
20%
Carrè
20%
Cartigliano
20%
Casale sul Sile
20%
Cencenighe Agordino
20%
Chiampo
20%
Chies d'Alpago
20%
Chiuppano
20%
Cibiana di Cadore
20%
Cison di Valmarino
20%
Codognè
20%
Cogollo del Cengio
20%
Colle Santa Lucia
20%
Comelico Superiore
20%
Costabissara
20%
Danta di Cadore
20%
Domegge di Cadore
20%
Dueville
20%
Falcade
20%
Fara Vicentino
20%
Feltre
20%
Follina
20%
Fontanelle
20%
Fonzaso
20%
Gallio
20%
Grisignano di Zocco
20%
Isola Vicentina
20%
Laghi
20%
Lamon
20%
Lastebasse
20%
La Valle Agordina
20%
Livinallongo del Col di Lana
20%
Longarone
20%
Lonigo
20%
Lorenzago di Cadore
20%
Lozzo di Cadore
20%
Lugo di Vicenza
20%
Malo
20%
Mansuè
20%
Marano Vicentino
20%
Mareno di Piave
20%
Mogliano Veneto
20%
Montebello Vicentino
20%
Montecchio Precalcino
20%
Monte di Malo
20%
Moriago della Battaglia
20%
Motta di Livenza
20%
Mussolente
20%
Nervesa della Battaglia
20%
Noventa Vicentina
20%
Ormelle
20%
Ospitale di Cadore
20%
Paese
20%
Pedemonte
20%
Pederobba
20%
Perarolo di Cadore
20%
Pianezze
20%
Pieve di Soligo
20%
Piovene Rocchette
20%
Ponte nelle Alpi
20%
Portobuffolé
20%
Posina
20%
Possagno
20%
Preganziol
20%
Quinto di Treviso
20%
Quinto Vicentino
20%
Refrontolo
20%
Roana
20%
Rocca Pietore
20%
Roncade
20%
Salcedo
20%
San Biagio di Callalta
20%
Sandrigo
20%
San Nicolò di Comelico
20%
San Pietro di Cadore
20%
San Polo di Piave
20%
Santa Giustina
20%
Santa Lucia di Piave
20%
San Tomaso Agordino
20%
Santorso
20%
Santo Stefano di Cadore
20%
San Vito di Cadore
20%
San Vito di Leguzzano
20%
San Zenone degli Ezzelini
20%
Sarcedo
20%
Schiavon
20%
Sedico
20%
Selva di Cadore
20%
Seren del Grappa
20%
Silea
20%
Soverzene
20%
Sovramonte
20%
Spresiano
20%
Taibon Agordino
20%
Tambre
20%
Tonezza del Cimone
20%
Trissino
20%
Valbrenta
20%
Valdastico
20%
Val di Zoldo
20%
Valdobbiadene
20%
Vallada Agordina
20%
Valle di Cador
20%
Valli del Pasubio
20%
Vazzola
20%
Velo d'Astico
20%
Vigo di Cadore
20%
Villaverla
20%
Vodo di Cadore
20%
Voltago Agordino
20%
Zanè
20%
Zermeghedo
20%
Zoppè di Cadore
20%
Zugliano
20%
Vicenza Agugliaro
10%
Alonte
10%
Altissimo
10%
Treviso Altivole
10%
Arcade
10%
Arcugnano
10%
Asigliano Veneto
10%
Barbarano Mossano
10%
Brendola
10%
Bressanvido
10%
Brogliano
10%
Caerano di San Marco
10%
Caldogno
10%
Camisano Vicentino
10%
Campiglia dei Berici
10%
Cappella Maggiore
10%
Carbonera
10%
Casier
10%
Vicenza Castegnero
10%
Castelcucco
10%
Castelgomberto
10%
Castello di Godego
10%
Cavaso del Tomba
10%
Cesiomaggiore
10%
Cessalto
10%
Chiarano
10%
Cimadolmo
10%
Colle Umberto
10%
Cordigliano
10%
Cornedo Vicentino
10%
Creazzo
10%
Crespadoro
10%
Farra di Soligo
10%
Fonte
10%
Foza
10%
Fregona
10%
Treviso Gaiarine
10%
Gambellara
10%
Gambugliano
10%
Giavera del Montello
10%
Godega di Sant'Urbano
10%
Gorgo al Monticano
10%
Gosaldo
10%
Grumolo delle Abbadesse
10%
Istrana
10%
Limana
10%
Longare
10%
Loria
10%
Lusiana Conco
10%
Maser
10%
Maserada sul Piave
10%
Meduna di Livenza
10%
Miane
10%
Monaster di Treviso
10%
Monfumo
10%
Montegalda
10%
Montegaldella
10%
Monteviale
10%
Monticello Conte Otto
10%
Montorso Vicentino
10%
Morgano
10%
Nanto
10%
Orgiano
10%
Orsago
10%
Pieve del Grappa
10%
Pojana Maggiore
10%
Ponzano Veneto
10%
Pove del Grappa
10%
Pozzoleone
10%
Quero Vas
10%
Recoaro Terme
10%
Resana
10%
Revine Lago
10%
Riese Pio X
10%
Rivamonte Agordino
10%
Rossano Veneto
10%
Rotzo
10%
Salgareda
10%
San Fior
10%
San Gregorio nelle Alpi
10%
San Pietro di Feletto
10%
San Pietro Mussolino
10%
San Vendemiano
10%
Sarego
10%
Sarmede
10%
Segusino
10%
Solagna
10%
Sospirolo
10%
Sossano
10%
Sovizzo
10%
Tarzo
10%
Torri di Quartesolo
10%
Trevignano
10%
Val Liona
10%
Vedelago
10%
Vidro
10%
Villaga
10%
Villorba
10%
Volpago del Montello
10%
Zenson del Piave
10%
Zovencedo
10%
Crocetta del Monteello
0%
Nogorole Vicentino
0%
Pedavema
0%
Ponte di Pieve
0%
Povegliano
0%
Sernaglai della Battaglia
0%
Susegasa
0%
Nessun quiz corrispondente trovato
Distribuzione punteggi
Percentuale di utenti per punteggio
Percentile per numero di risposta
I tuoi punteggi nel tempo
Non hai fatto questo quiz